| 000 | 01968cam a22001815a 4500 | ||
|---|---|---|---|
| 001 | L156195 | ||
| 008 | 120502s1790 xxk f 000 0 eng d | ||
| 035 | _a(Sirsi) u156195 | ||
| 041 | 0 | _aeng | |
| 100 | 1 |
_aHoppus, E. _q(Edward) _dd. 1739 |
|
| 245 | 0 | 0 |
_aPractical measuring made easy to the meanest capacity by a new set of tables _bWhich show at sight, the solid or superficial content (and consequently the value) of any piece of quantity of squared or round timber, be it standing or felled, also of stone, board, glass, &c. made use of in the erecting or repairing of any building, &c, contrived to answer all the occasions of gentlemen and artificers, far beyond any thing yet extant: the contents being given in feet, inches, and twelfth parts of an inch. With a preface, shewing the excellence of this new method of measuring, and demonstrating, that whoever ventures to rely upon those obsolete tables and directions published by Isaac Keay, is liable to be deceived (in common cases) 10s. in the pound. By E. Hoppus, surveyor to the corporation of the London assurance. The twelfth edition. Greatly improved by the following additions, I. New tables shewing at sight the value of any piece or quantity of timber, stone, &c. at any price per foot cube. II. Mr. Hoppus's table of solid measure applied to the freighting of ships. III. Some very curious observations concerning the measuring of timber by several dimensions, communicated by one of His Majesty's purveyors |
| 260 |
_aLondon _bprinted, by assignment from the trustees of E. Wicksteed, for J. F. and C. Rivington, T. Longman, B. Law, J. Johnson, G. G. J. and J. Robinson, R. Baldwin, W. Goldsmith, J. Bew, S. Hayes, G. and T. Wilkie, Scatcherd and Whitaker, W. Lowndes, J. Taylor, and E. Newbery _c1790 |
||
| 300 |
_alxxvi,204p.,plate _bill. _clong 12o |
||
| 583 |
_aCondition reviewed _c20120620 _lcondition level 1 |
||
| 651 | 4 |
_aGreat Britain _y1707- |
|
| 690 |
_aMeasurement _96256 |
||
| 942 | _n0 | ||
| 999 |
_c114093 _d114093 |
||